| 000 | 01756naa a22003617a 4500 | ||
|---|---|---|---|
| 001 | BR8401021 | ||
| 003 | BR-BrBNA | ||
| 005 | 20250721154431.0 | ||
| 007 | ta | ||
| 008 | 250630b bl.|||m| |||| 00| 0 por d | ||
| 040 |
_aBR-BrBNA _bpor _cBiblioteca Nacional de Agricultura |
||
| 041 | _a(Pt) | ||
| 072 |
_aL73; L72 _b5300 _b4110 _b4190 |
||
| 090 | _aL73 BR8401021 | ||
| 100 | 1 | _aSoncini, R.A. | |
| 111 | 1 |
_a3. Simposio do Centro Nacional de Pesquisa de Suinos e Aves; 2. Simposio Catarinense de Sanidade Suina _cConcordia, SC (Brazil) _d7-11 Nov 1983 |
|
| 245 | 1 | _aDiagnostico diferencial das principais doencas entericas em suinos [diarreia, desidratacao, enterotoxemia, coccidiose, salmonelose] | |
| 246 | 1 | _a[Differential diagnosis of the main enteric diseases in the swine [diarrhea, dehidration, enterotoxemia, coccidiosis, salmonellosis]] | |
| 246 | 1 | _a[Annals of the 3. Symposium of the National Center of Swine and Poultry Research and of the 2. Swine Health Symposium of Santa Catarina] | |
| 500 | _aAnais do 3. Simposio do Centro Nacional de Pesquisa de Suinos e Aves e do 2. Simposio Catarinense de Sanidade Suina Concordia, SC (Brasil): 1983. p. 55-72 [23 ref.] (BR8401021-AMS) | ||
| 773 | 0 |
_tAnais do 3. Simposio do Centro Nacional de Pesquisa de Suinos e Aves e do 2. Simposio Catarinense de Sanidade Suina _wL73 BR8401021 _gConcordia, SC (Brasil), 1983. p. 55-72 |
|
| 650 | _aSUINO | ||
| 650 | _aINTESTINO | ||
| 650 | _aDIARREIA | ||
| 650 | _aDESIDRATACAO | ||
| 650 | _aCOCCIDIOSE | ||
| 650 | _aSALMONELOSE | ||
| 650 | _aENTEROTOXEMIA | ||
| 650 | _aDIAGNOSTICO | ||
| 490 |
_aDocumentos - Centro Nacional de Pesquisa de Suinos e Aves (Brazil) _vno. 7 |
||
| 942 |
_cAMS _2AGRIS |
||
| 909 |
_a202506 _bLúcia _c55 _dLúcia Elande |
||
| 999 |
_c334730 _d334730 |
||